Welcome to the Holygrace Academy Library

Please use search bar below to get started

MADAM BHIKAIJI RUSTUM CAMA (Record no. 6158)

MARC details
000 -LEADER
fixed length control field 00287nam a22001337a 4500
082 ## - DEWEY DECIMAL CLASSIFICATION NUMBER
Classification number 920
Item number KRI/M
100 ## - MAIN ENTRY--AUTHOR NAME
Personal name KRISHNAMURTHY,BABU
245 ## - TITLE STATEMENT
Title MADAM BHIKAIJI RUSTUM CAMA
250 ## - EDITION STATEMENT
Edition statement FIRST
260 ## - PUBLICATION, DISTRIBUTION, ETC. (IMPRINT)
Place of publication BANGALORE
Year of publication 2003
300 ## - PHYSICAL DESCRIPTION
Number of Pages 45
650 ## - SUBJECT ADDED ENTRY--TOPICAL TERM
Topical Term BIOGRAPHY
Geographic subdivision BANGALORE
942 ## - ADDED ENTRY ELEMENTS (KOHA)
Koha item type Books
Holdings
Withdrawn status Lost status Collection code Home library Current library Shelving location Date acquired Source of acquisition Full call number Accession Number Koha item type
    Reference Main Library Main Library SHELF-17-K-BIOGRAPHIES & AUTOBIOGRAPHIES 18/04/2006 PURCHASE 920 KRI/M 01126 Books
    Reference Main Library Main Library SHELF-17-K-BIOGRAPHIES & AUTOBIOGRAPHIES 07/10/2006 PURCHASE 920 KRI/M 03227 Books